مكتبة جامعة عجلون الوطنية

فهرس بحث المكتبة

Normal view MARC view
  • التدويل-التربية-الإقتصاد الدولي

Entry Topical Term

Number of records used in: 1

001 - CONTROL NUMBER

  • control field: 35768

003 - CONTROL NUMBER IDENTIFIER

  • control field: JO-AjAnu

005 - DATE AND TIME OF LATEST TRANSACTION

  • control field: 20230606075958.0

008 - FIXED-LENGTH DATA ELEMENTS

  • fixed length control field: 230606|| aca||aabn | a|a d

040 ## - CATALOGING SOURCE

  • Original cataloging agency: JO-AjAnu
  • Transcribing agency: JO-AjAnu

150 ## - HEADING--TOPICAL TERM

  • Topical term or geographic name entry element: التدويل-التربية-الإقتصاد الدولي

670 ## - SOURCE DATA FOUND

  • Source citation: Work cat.: (JO-AjAnu)18366: العزام، سهيل محمد, author 35767, العولمة والتربية